1741 1397 1249 1877 1424 1659 1666 1784 1720 1952 1793 1648 1160 1857 1729 1511 1981 1305 1591 1183 1228 1718 1197 1783 1657 1903 1136 1923 1504 1190 1947 1703 1611 1156 1188 1216 1181 1311 1435 1296 1829 1541 1749 1261 1242 1486 1153 1115 1195 1965 1611 1801 1115 1171 1206 1642 1667 2000 1647 1669 1713 1077 1342 1630 1464 1922 1776 1867 1835 1441 1506 1074 1266 1589 1335 1802 1412 1913 1071 1292 1136 1610 1937 1803 1514 1811 1327 1192 1960 1507 1039 1341 1187 1205 1797 1795 1712 1845 1880 BCNSPRNW ULIB Ver.6.0+V

เปลี่ยนเป็นภาษาไทย

Change to English
 แสดงรายละเอียดบรรณานุกรม
  กลับหน้าหลัก

Brief Record : Get Marc (ISO 2709) : E-mail record : QR code < ปิดหน้าต่าง
LEADER : 00000nam 2200000uu 4500
001    13399111907
003     ULIB
008    110712s2553||||th 000 0 tha d
020    9746435477 (ล.2)
060  4 WY100^bม111ก ล2
110 1  มหาวิทยาลัยสุโขทัยธรรมาธิราช^bสาขาวิชาพยาบาลศาสตร์
245 00 เอกสารการสอนชุดวิชา การพยาบาลชุมชนและการรักษาพยาบาลเบื้องต้น หน่วยที่8-15=^bCommunity nursing and primary medical care/^cมหาวิทยาลัยสุโขทัยธรรมาธิราช
246 0  Community nursing and primary medical care
250    พิมพ์ครั้งที่ 12
260    นนทบุรี:^bศูนย์หนังสือมหาวิทยาลัยสุโขทัยธรรมาธิราช,^c2553
300    555 หน้า
945    ^p0^l0^i18372
945    ^p0^l0^i18373
945    ^p245^l0^i030801
945    ^p245^l0^i030802
945    ^p245^l0^i030803
995    กัณชพร
999    ^aใช้งานได้ทุกระบบ
รายการนี้ยังไม่มีแท็ก
คุณยังไม่ได้ล็อกอิน คุณสามารถมีกิจกรรมร่วมกับเว็บไซต์ได้ แต่ต้องล็อกอินก่อน ::
  ล็อกอิน

รายการสื่อสารสนเทศ

ลำดับที่ ประเภท เลขเรียก/บาร์โค้ด สถานที่ สถานะ
1. วิทยาศาสตร์การแพทย์ และสุขภาพ
วิทยาศาสตร์การแพทย์ และสุขภาพ
WY100 ม111ก ล2  
  Barcode: 18372
ห้องสมุดวิทยาเขตนครสวรรค์
►ส่วนจัดเก็บหนังสือเก่า นว.
บนชั้น
  ขอยืม
2. วิทยาศาสตร์การแพทย์ และสุขภาพ
วิทยาศาสตร์การแพทย์ และสุขภาพ
WY100 ม111ก ล2 ฉ.2 
  Barcode: 18373
ห้องสมุดวิทยาเขตนครสวรรค์
►ส่วนจัดเก็บหนังสือเก่า นว.
บนชั้น
  ขอยืม
3. วิทยาศาสตร์การแพทย์ และสุขภาพ
วิทยาศาสตร์การแพทย์ และสุขภาพ
WY100 ม111ก ล2 ฉ.4 
  Barcode: 030802
ห้องสมุดวิทยาเขตสวรรค์ประชารักษ์
►ส่วนจัดเก็บหนังสือเก่า สปร
บนชั้น
  ขอยืม
4. วิทยาศาสตร์การแพทย์ และสุขภาพ
วิทยาศาสตร์การแพทย์ และสุขภาพ
WY100 ม111ก ล2 ฉ.5 
  Barcode: 030803
ห้องสมุดวิทยาเขตสวรรค์ประชารักษ์
►ส่วนจัดเก็บหนังสือเก่า สปร
บนชั้น
  ขอยืม

BibComment


ยังไม่เคยถูกคอมเมนท์

คอมเมนท์ทรัพยากรรายการนี้
  คอมเมนท์: เอกสารการสอนชุดวิ..


 Copyright 2026. Bcnsprnw @Library